Chaucer's Canterbury tales for the modern reader / (Record no. 52056)

MARC details
000 -LEADER
campo de control de longitud fija 00522nam a2200157 i 4500
001 - NÚMERO DE CONTROL
campo de control 52056
003 - IDENTIFICADOR DE NÚMERO DE CONTROL
campo de control ES-MaACL
007 - CAMPO FIJO DE DESCRIPCIÓN FÍSICA--INFORMACIÓN GENERAL
campo de control de longitud fija t|
008 - DATOS DE LONGITUD FIJA--INFORMACIÓN GENERAL
campo de control de longitud fija 030825s1915 xxk ||||1| eng d
100 1# - ENTRADA PRINCIPAL--NOMBRE DE PERSONA
Nombre de persona Chaucer, Geoffrey.
9 (RLIN) 38193
245 10 - MENCIÓN DEL TÍTULO
Título Chaucer's Canterbury tales for the modern reader /
Mención de responsabilidad, etc. Geoffrey Chaucer ; prepared and edited by Arthur Burrell.
260 ## - PUBLICACIÓN, DISTRIBUCIÓN, ETC.
Lugar de publicación, distribución, etc. London :
Nombre del editor, distribuidor, etc. [s.n.,
Fecha de publicación, distribución, etc. 1915] (
Lugar de fabricación/manufactura Letchworth :
Fabricante The Temple Press)
300 ## - DESCRIPCIÓN FÍSICA
Extensión XVII, 519 p. ;
Dimensiones 18 cm.
700 1# - ENTRADA AGREGADA--NOMBRE PERSONAL
Nombre de persona Burrel, Arthur.
9 (RLIN) 32765
852 ## - LOCALIZACIÓN
Ubicación ES-MaACL
Número de control de estantería G-14666
Holdings
Estatus retirado Estado de pérdida Estado de daño No para préstamo Biblioteca de origen Biblioteca actual Ubicación en estantería Fecha de adquisición Fuente de adquisición Total de préstamos Signatura topográfica completa Código de barras Visto por última vez Precio de reemplazo Tipo de ítem Koha
        Biblioteca del Ateneo de Madrid Biblioteca del Ateneo de Madrid Sala Pecera Planta 3 17/01/2008     G-14666 1054731 23/02/2023 23/02/2023 Libro impreso